000 00384nam a2200133Ia 4500
008 220217s9999||||xx |||||||||||||| ||und||
020 _a0-7506-9640-0
082 _a621.381 5 WIL
100 _aWilliams, Jim
_91867
245 0 _aAnolog circuit design: Art, science, and personalities
260 _aButterworth- Heinemann
_bBoston
_c1991
300 _b1649
650 _aCIRCUITRY
999 _c167723
_d167723